Responses for Show #1326 - Monday, May 14, 1990

1990 College Championship semifinal game 1.

Contestants

[<< previous game]

Brad Williams, a junior from the University of Northern Iowa

Matthew Miller, a junior from the University of Michigan

Amy Zucker, a senior from Wesleyan University (Connecticut)

[next game >>]

Jeopardy! Round responses

WORD ORIGINS
COMIC BOOKS
ECONOMICS
HOLIDAYS & OBSERVANCES
U.S. GEOGRAPHY
ACCORDING TO PEOPLE
(Alex: People magazine)
    $100 23
Stein

Amy
    $100 16
Police Academy

Amy
    $100 3
Inflation

Matthew
    $100 1
Easter

Matthew
    $100 10
Mississippi River

Brad
    $100 25
Vanna White

Amy
    $200 17
Prima donna

Matthew
    $200 18
Robin

Matthew
    $200 7
Net

Amy
    $200 2
Chinese calendar

Brad
    $200 12
Manhattan

Amy
    $200 26
Lucille Ball

Matthew
    $300 20
Vermin

Amy
    $300 19
The Hulk

Amy
    $300 8
Preferred

Amy
    $300 4
Vermont

Matthew
    $300 13
Lake Mead

Matthew
    $300 28
Cosmopolitan

Brad
    $400 21
Famine

Amy
    $1,300 24
(A: Who are the Dynamic Duo?)

The Green Hornet & Kato

Amy
    $400 9
Barter

Matthew
    $400 5
(B: What is Mother's Day?)
(Alex: Mother's Day is in May)

Father's Day

AmyBrad
    $400 14
Wichita

Matthew
    $400 29
Sean Connery

Amy
    $500 22
Tam O' Shanter

Amy
    $500 27
Ellery Queen

Amy
    $500 11
(B: Who is Keynes?)

Paul Samuelson

Brad
Triple Stumper
    $500 6
(A: What is Philadelphia....Pennsylvania?)

Pennsylvania

Amy
    $500 15
Maine

Brad
    $500 30
Madonna

Matthew

Scores at the first commercial break (after clue 12):

Amy Matthew Brad
$1,600 $900 -$600

Scores at the end of the Jeopardy! Round:

Amy Matthew Brad
$3,000 $2,700 $200

Double Jeopardy! Round responses

FICTIONAL CHARACTERS
EUROPEAN HISTORY
COLLEGES & UNIVERSITIES
QUOTES
BIOLOGY
MUSICAL INSTRUMENTS
    $200 1
Captain Nemo

Amy
    $200 26
Benito Mussolini

Matthew
    $200 7
Kentucky

Brad
    $200 17
Promises

Brad
    $200 8
Man (humans)

Matthew
    $200 6
Organ

Matthew
    $400 3
"Brave New World"

Brad
    $400 27
(A: Who is Napoleon?)

Louis XIV

AmyBrad
    $400 9
Rutgers

Amy
    $400 18
Conscience

Amy
    $400 13
Femur

Brad
    $400 22
Bagpipes

Brad
    $600 2
Brunhilde

Matthew
    $600 28
Czechoslovakia

Matthew
    $600 10
Orange (Orangemen)

Amy
    $600 19
Woody Allen

Amy
    $1,000 14
46

Brad
    $600 23
Piano

Amy
    $1,200 5
"Pride And Prejudice"

Amy
    $800 29
Juan Carlos I

Matthew
    $800 11
Harvard

Matthew
    $800 20
Slavery

Matthew
    $800 15
Retina

Amy
    $800 24
Sousaphone

Amy
    $1000 4
"The Last Tycoon"

Amy
    $1000 30
Germany

Matthew
    $1000 12
Atlanta

Brad
    $1000 21
Voltaire

Amy
    $1000 16
Carl Linnaeus

Brad
    $1000 25
(A: What is a lute?)

Mandolin

AmyMatthew

Scores at the end of the Double Jeopardy! Round:

Amy Matthew Brad
$9,200 $8,900 $5,200

[wagering suggestions for these scores]

Final Jeopardy! Round responses

THE BIBLE
BradWho is Abraham?
$4,598
MatthewWho is Aaron?
$8,300
AmyWho is Aaron?
$8,601
Aaron (Moses' brother)

Final scores:

Amy Matthew Brad
$17,801 $17,200 $602
Finalist 2nd place: $5,000 3rd place: $5,000

Game dynamics:

Coryat scores:

Amy Matthew Brad
$10,100 $8,900 $4,800
25 R
(including 1 DD),
3 W
(including 1 DD)
20 R,
0 W
13 R
(including 1 DD),
2 W

Combined Coryat: $23,800

[game] [game scores] [suggest correction]

Game tape date: 1990-04-22
The J! Archive is created by fans, for fans. Scraping, republication, monetization, and malicious use prohibited; this site may use cookies and collect identifying information. See terms. The Jeopardy! game show and all elements thereof, including but not limited to copyright and trademark thereto, are the property of Jeopardy Productions, Inc. and are protected under law. This website is not affiliated with, sponsored by, or operated by Jeopardy Productions, Inc. Join the discussion at JBoard.tv.